| Поле | Инд. | ПП | Название | Значение |
|---|---|---|---|---|
| Тип записи | a | |||
| Библиографический уровень | m | |||
| 001 | Контрольный номер | 061c667548d44483b6d11dff45d2f995 | ||
| 005 | Дата корректировки | 20240124092914.0 | ||
| 020 | a | ISBN | 978-5-374-00185-3 | |
| 040 | b | Код языка каталог. | rus | |
| 041 | 0_ | a | Код языка текста | rus |
| 080 | a | Индекс УДК | 004(075.8) | |
| 084 | a | Индекс другой классификации/Индекс ББК | 32.972я73 | |
| 090 | x | Авторский знак | Б43 | |
| 097 | b | Оператор | 02 | |
| 100 | 1_ | a | Автор | Белов В. С. |
| 245 | 10 | a | Заглавие | Информационно-аналитические системы. Основы проектирования и применения |
| b | Продолж. заглавия | учебно-практическое пособие | ||
| h | Физич. носитель | только электронный вариант | ||
| 250 | a | Основные сведения об издании | 2-е изд., перераб. и доп. | |
| 260 | a | Место издания | Москва | |
| b | Издательство | МГУЭСиИ | ||
| c | Дата издания | 2010 | ||
| 300 | a | Объем | 111 с. | |
| 510 | 0_ | a | Примечание о ссылках | Книги и методические пособия |
| 650 | 04 | a | Основная рубрика | 20.01 Общие вопросы информатики |
| x | Основная подрубрика | 20.01.04 Информатизация общества. Информационная политика | ||
| 650 | 04 | a | Основная рубрика | 19.31 Общедоступные сетевые информационные ресурсы (Интернет, WWW) |
| 653 | 0_ | a | Ключевые слова | информационные системы; аналитические системы |
| 901 | t | Тип документа | m |